000 00261nam a22001097a 4500
008 230620b xxu||||| |||| 00| 0 eng d
082 _a321.89
_bCPA 2001
245 _aAustralia: A Century
_bBuilding Democracy
260 _c2001
300 _a88p
942 _2ddc
_cBK
999 _c1700
_d1700